000 00310 a2200121 4500
000 nam a22 7a 4500
005 20260209094237.0
020 _a9788119133154
100 _aShiv Murat Singh
_91114417
245 _aVartman Natyashastra Ka Vishleshan
260 _bRajkamal Prakashan
_c2024
942 _cTEXL
999 _c1678961
_d1678961